The Mighty Ducks / Walt Disney Pictures with Touchwood Pacific Partners I ; an Avnet/Kerner Production ; a Stephen Herek Film ; written by Stephen Brill.
Slapped with a community service assignment, a tough trial lawyer must coach a ragtag team of pee wee hockey players who can't skate, can't score and can't win.
Record details
- ISBN: 0788817868
- ISBN: 9780788817861
- Physical Description: 1 videodisc (104 min.) : sound, color ; 4 3/4 in.
- Edition: Widescreen ver.
- Publisher: [Burbank, CA] Disney DVD : 2000.
Content descriptions
| General Note: | Rated PG. Videodisc release of the 1992 motion picture. |
| Creation/Production Credits Note: | Director of photography, Thomas Del Ruth; production design, Randy Ser; film editors, Larry Bockand, John F. Link; music, David Newman ; produced by Jordan Kerner and Jon Avent ; directed by Stephen Herek ; screenplay by Steven Brill. |
| Participant or Performer Note: | Cast: Emilio Estevez, Joss Ackland, Lane Smith, Heidi Kling, Josef Sommer. |
| Language Note: | English, French, Spanish language tracks. |
Search for related items by subject
| Subject: | Feature films. Hockey > Drama. Comedy films. Comedy films. Feature films. Hockey. |
| Genre: | Drama. |
| LDR | 02334cgm a2200529Ma 4500 | ||
|---|---|---|---|
| 001 | 154517 | ||
| 003 | SBPL | ||
| 005 | 20201012191335.0 | ||
| 008 | 101012s2000 cau104 vleng d | ||
| 007 | vd cgaizq | ||
| 040 | . | ‡aTXCPL ‡beng ‡cTXCPL ‡dOCLCQ ‡dRV8 ‡dMRF ‡dOCLCF ‡dOCLCO ‡dOCLCQ ‡dOCLCO ‡dTOH ‡dGSC ‡dOCL ‡dOCLCQ | |
| 019 | . | ‡a317860640 | |
| 020 | . | ‡a0788817868 | |
| 020 | . | ‡a9780788817861 | |
| 028 | 4 | 0. | ‡a18151 |
| 035 | . | ‡a(OCoLC)680130915 ‡z(OCoLC)317860640 | |
| 050 | 1 | 4. | ‡aPN1995.9.C55 ‡bM54 1990 |
| 082 | 0 | 4. | ‡a791.43/72 |
| 245 | 0 | 4. | ‡aThe Mighty Ducks / ‡cWalt Disney Pictures with Touchwood Pacific Partners I ; an Avnet/Kerner Production ; a Stephen Herek Film ; written by Stephen Brill. |
| 250 | . | ‡aWidescreen ver. | |
| 260 | . | ‡a[Burbank, CA] ‡bDisney DVD : ‡bDistributed by Buena Vista Home Entertainment, ‡c2000. | |
| 300 | . | ‡a1 videodisc (104 min.) : ‡bsound, color ; ‡c4 3/4 in. | |
| 336 | . | ‡atwo-dimensional moving image ‡btdi ‡2rdacontent | |
| 337 | . | ‡avideo ‡bv ‡2rdamedia | |
| 338 | . | ‡avideodisc ‡bvd ‡2rdacarrier | |
| 500 | . | ‡aRated PG. | |
| 500 | . | ‡aVideodisc release of the 1992 motion picture. | |
| 511 | 1 | . | ‡aCast: Emilio Estevez, Joss Ackland, Lane Smith, Heidi Kling, Josef Sommer. |
| 520 | . | ‡aSlapped with a community service assignment, a tough trial lawyer must coach a ragtag team of pee wee hockey players who can't skate, can't score and can't win. | |
| 508 | . | ‡aDirector of photography, Thomas Del Ruth; production design, Randy Ser; film editors, Larry Bockand, John F. Link; music, David Newman ; produced by Jordan Kerner and Jon Avent ; directed by Stephen Herek ; screenplay by Steven Brill. | |
| 546 | . | ‡aEnglish, French, Spanish language tracks. | |
| 650 | 0. | ‡aFeature films. | |
| 650 | 0. | ‡aHockey ‡vDrama. | |
| 650 | 0. | ‡aComedy films. | |
| 650 | 7. | ‡aComedy films. ‡2fast ‡0(OCoLC)fst00869095 | |
| 650 | 7. | ‡aFeature films. ‡2fast ‡0(OCoLC)fst00922105 | |
| 650 | 7. | ‡aHockey. ‡2fast ‡0(OCoLC)fst00958540 | |
| 655 | 7. | ‡aDrama. ‡2fast ‡0(OCoLC)fst01423879 | |
| 700 | 1 | . | ‡aAckland, Joss, ‡d1928- |
| 700 | 1 | . | ‡aBuena Vista Home Entertainment (Firm) |
| 700 | 1 | . | ‡aEstevez, Emilio, ‡d1962- |
| 700 | 1 | . | ‡aHerek, Stephen. |
| 700 | 1 | . | ‡aSommer, M. Josef. |
| 700 | 1 | . | ‡aWalt Disney Home Video (Firm) |
| 700 | 1 | . | ‡aWalt Disney Pictures. |
| 994 | . | ‡aZ0 ‡bMWL | |
| 948 | . | ‡hNO HOLDINGS IN MWL - 21 OTHER HOLDINGS | |
| 901 | . | ‡a154517 ‡b ‡c154517 ‡tbiblio | |